000 00956cam a22002653a 4500
001 34904
003 PGUSA
005 20140828083743.0
008 110110s2011||||xxu|||||s|||||000 | eng d
040 _aPGUSA
_beng
042 _adc
050 4 _aBR
100 1 _aLuther, Martin,
_d1483-1546
245 1 0 _aWorks of Martin Luther, with Introductions and Notes (Volume II)
_h[electronic resource] /
_cMartin Luther
260 _bProject Gutenberg,
_c2011
500 _a"Adolph Spaeth ... was ... chairman of the committee that organized the work."--introduction of volume I, signed Henry Eyster Jacobs.
506 _aPublic domain in the USA.
516 _aElectronic text
653 _aLutheran Church -- Early works to 1800
653 _aTheology -- History -- 16th century -- Early works to 1800
700 1 _aSpaeth, Adolph,
_d1839-1910
830 0 _aProject Gutenberg
_v34904
856 4 0 _uhttp://www.gutenberg.org/ebooks/34904
942 _cEB
999 _c264159
_d264159